Upper atmosphere physics data, Syowa Station, 1985 /

Bibliographic Details
Corporate Author: Nihon Nankyoku Chiiki Kansokutai
Other Authors: Yamagishi, Hisao
Format: Conference Proceeding Book
Language:English
Published: Tokyo : National Institute of Polar Research, [1987]
Series:JARE data reports ; no. 128.
JARE data reports. Upper atmosphere physics ; 5.
Subjects:

MARC

Tag First Indicator Second Indicator Subfields
LEADER 00000cam a2200000 a 4500
001 in00000032071
005 20191108114226.0
008 880331s1987 ja a b f00000 eng d
035 |a (OCoLC)17718723 
035 |9 AAB7035AM 
040 |a TXA  |c TXA  |d FDA  |d TXA  |d UtOrBLW 
049 |a TXAM  |c [A12594282] 
050 4 |a QC879.59.A6  |b U66 1987 
245 0 0 |a Upper atmosphere physics data, Syowa Station, 1985 /  |c Hisao Yamagishi [and others]. 
264 1 |a Tokyo :  |b National Institute of Polar Research,  |c [1987] 
300 |a 272 pages :  |b illustrations ;  |c 26 cm. 
336 |a text  |b txt  |2 rdacontent 
337 |a unmediated  |b n  |2 rdamedia 
338 |a volume  |b nc  |2 rdacarrier 
490 1 |a JARE data reports,  |x 0075-3343 ;  |v no. 128.  |a Upper atmosphere physics ;  |v 5 
500 |a Cover title. 
504 |a Bibliography: page 14. 
500 |a "July 1987." 
650 0 |a Upper atmosphere  |z Antarctica. 
650 0 |a Geomagnetism  |z Antarctica  |x Charts, diagrams, etc. 
700 1 |a Yamagishi, Hisao. 
711 2 |a Nihon Nankyoku Chiiki Kansokutai. 
830 0 |a JARE data reports ;  |v no. 128. 
830 0 |a JARE data reports.  |p Upper atmosphere physics ;  |v 5. 
999 |a MARS 
999 f f |s de06d859-4712-3ca9-86e6-a0d7fea2141d  |i 227d88b7-d99b-3c98-b722-29e2a1c72b82  |t 0 
952 f f |p ric  |a Texas A&M University  |b Rellis Campus  |c Joint Library Facility  |d Remote Storage  |t 0  |e QC879.59.A6 U66 1987  |h Library of Congress classification  |i unmediated -- volume  |m A14812594282 
998 f f |a QC879.59.A6 U66 1987  |t 0  |l Remote Storage